01257cam a22002774a 450000100090000000300040000900500170001300800410003001000170007102000180008802000150010604000180012105000260013908200290016524501260019426000920032030000270041250003410043950400490078065100340082965100380086370000140090170000190091570000180093471000270095215469827OSt20200101163407.0080930s2006 ii b 000 0 eng  a 2008429725 a9788177081039 a8177081039 aDLCcDLCdDLC00aHC435.2b.E26825 200600a338.954009045222bSUR/E00aEconomic planning in India, 1951-52 to 2006-07 /cchief editor, M.M. Sury ; associate editors, Vibha Mathur, Niti Bhasin. aNew Delhi :bIndian Tax Foundation in associaiton with New Century Publications,c2006. axxix, 722 p. ;c25 cm. a"Incorporating an introduction to economic planning in India, abridged versions of India's five years plans (I to X) including mid-term appraisal of tenth five year plan, time-series data (1950-51 to 2004-05) on Indian economy, glossary of select terms used in plan documents, English equivalents of Hindi terms used in plan documents." aIncludes bibliographical references (p. 26). 0aIndiaxEconomic policyy1947- 0aIndiaxEconomic conditionsy1947- aSury, M M1 aMathur, Vibha.1 aBhasin, Niti.2 aIndian Tax Foundation.